书目信息 |
| 题名: |
藏在木头里的灵魂
|
|
| 作者: | 范冬阳 译 | |
| 分册: | ||
| 出版信息: | 北京 北京时代华文书局 2017.6 |
|
| 页数: | 227页 | |
| 开本: | 21cm | |
| 丛书名: | ||
| 单 册: | ||
| 中图分类: | TU-851 | |
| 科图分类: | ||
| 主题词: | 古建筑--彩绘--中国 | |
| 电子资源: | ||
| ISBN: | 978-7-5699-1562-4 | |
| 000 | 00928nam0 2200241 450 | |
| 001 | 0400003193 | |
| 005 | 20171026100544.14 | |
| 010 | @a978-7-5699-1562-4@dCNY68.00 | |
| 100 | @a20171018d2017 em y0chiy50 ea | |
| 101 | 1 | @achi@cfre |
| 102 | @aCN@b110000 | |
| 105 | @aa z 000yy | |
| 106 | @ar | |
| 200 | 1 | @a藏在木头里的灵魂@9cang zai mu tou li de ling hun@e中国建筑彩绘笔记@dEssai sur l'architecture chinoise@f(法)佚名著@g范冬阳译@zfre |
| 210 | @a北京@c北京时代华文书局@d2017.6 | |
| 215 | @a227页@c彩图@d21cm | |
| 330 | @a本书是一本描绘介绍中国建筑的画谱手稿。原书分为上、下册。上册主要是建筑常用工具、砖瓦墙、照壁、亭子、桥和塔。下册主要是大型整体建筑结构和住宅内部摆设、台等。 | |
| 510 | 1 | @aEssai sur l'architecture chinoise@zfre |
| 606 | 0 | @a古建筑@x彩绘@y中国 |
| 690 | @aTU-851@v5 | |
| 701 | 0 | @a范冬阳@9fan dong yang@c(女,@f1986-)@4译 |
| 801 | 0 | @aCN@b91MARC@c20171021 |
| 905 | @b1035736-40@dTU-851@f5@e169 | |
| 藏在木头里的灵魂:中国建筑彩绘笔记=Essai sur l'architecture chinoise/(法)佚名著/范冬阳译.-北京:北京时代华文书局,2017.6 |
| 227页:彩图;21cm |
| ISBN 978-7-5699-1562-4:CNY68.00 |
| 本书是一本描绘介绍中国建筑的画谱手稿。原书分为上、下册。上册主要是建筑常用工具、砖瓦墙、照壁、亭子、桥和塔。下册主要是大型整体建筑结构和住宅内部摆设、台等。 |
| ● |
| 相关链接 |
|
|
|
|
正题名:藏在木头里的灵魂
索取号:TU-851/169
 
预约/预借
| 序号 | 登录号 | 条形码 | 馆藏地/架位号 | 状态 | 备注 |
| 1 | 1035736 | 210357362 | 第二样本阅览室/ [索取号:TU-851/169] | 在馆 | |
| 2 | 1035737 | 210357371 | 密集书库-生命科学系/ [索取号:TU-851/169] | 在馆 | |
| 3 | 1035738 | 210357380 | 第三借阅区/ [索取号:TU-851/169] | 在馆 | |
| 4 | 1035739 | 210357399 | 第三借阅区/ [索取号:TU-851/169] | 在馆 | |
| 5 | 1035740 | 210357406 | 第三借阅区/ [索取号:TU-851/169] | 在馆 |